Semitic Languages - Statistics

General Stats
  • This quiz has been taken 155 times
  • The average score is 4 of 5
Answer Stats
Language % Correct
Arabic
99%
Hebrew
95%
Amharic
66%
Maltese
47%
Tigrinya
43%
No matching quizzes found
Score Distribution
Percent of People with Each Score
Percentile by Number Answered
Your Score History
You have not taken this quiz